Sound transmission through a fluctuating ocean.

-д хадгалсан:
Номзүйн дэлгэрэнгүй
Үндсэн зохиолч: Flatté, Stanley M
Бусад зохиолчид: Dashen, Roger, Munk, Walter H, Watson, Kenneth Merle, Zachariasen, Fredrik
Формат: Ном
Хэл сонгох:англи
Хэвлэсэн: Cambridge, England, United Kingdom Cambridge University 1979
Нөхцлүүд:
Шошгууд: Шошго нэмэх
Шошго байхгүй, Энэхүү баримтыг шошголох эхний хүн болох!

MARC

LEADER 00000nam a2200000 a 4500
001 UCU9339
003 CL-VaPUC
005 20250115112932.0
008 960814e19790000uk |||||||||||||||||eng|d
999 |c 251100  |d 251098 
040 |c Pontificia Universidad Católica de Valparaíso 
082 0 4 |a 534.23 FLA 1979  |2 21 
100 0 |a Flatté, Stanley M  |9 368377 
245 1 0 |a Sound transmission through a fluctuating ocean. 
260 0 3 |a Cambridge, England, United Kingdom  |b Cambridge University  |c 1979 
300 |a 299 páginas 
583 |a last modification  |c 20130724 07:25:51  |k Rodrigo Vera 
650 0 |a Acústica   |9 265389 
650 0 |a Ondas sonoras  |9 322250 
650 7 |a SONIDOS SUBMARINOS  |2 CL-VaPUC  |9 360613 
650 0 |a Propagación de ondas  |9 263256 
650 0 |a Océanos   |9 344473 
700 0 |a Dashen, Roger  |9 368378 
700 0 |a Munk, Walter H  |9 368379 
700 0 |a Watson, Kenneth Merle  |9 368380 
700 0 |a Zachariasen, Fredrik  |9 368381 
942 |c BK  |2 ddc 
945 |d 19960814 00:00:00  |a paguirre